00365nam a2200169Ia 4500008004100000041000800041082001100049100001800060245001500078260003300093300000800126365001200134500000800146520001200154650001000166999001900176230605s2002 xx 000 0 und d aeng a839.82 aFuller/Currie aThe Waiter bSterling Book Hos.Pub c2002 a214 b160h20 a320 aGeneral aF. B. c417835d417835